000 00627nam a2200181Ia 4500
008 100920s9999 xx 000 0 und d
082 _b66948
_a28 व 375 0
100 _aसंकलक-नानिवडेकर वसन्त शंकर.
245 _aशुभं करोति.
260 _bश्री मयूरेश प्रकाशन,मुंबई.
_c0
300 _a32
_bसाधी
365 _b1.25
520 _aबा.वि.शालो.
630 _aशुभं करोति.
650 _aबा.वि.शालो.
730 _aशुभं करोति.
942 _cBOOK
999 _c709483
_d709480